[Event "POL-chT Academic"]
[Site "Katowice"]
[Date "2020.11.14"]
[Round "1.7"]
[White "Schein, Henning"]
[Black "Lewicki, Miroslaw"]
[Result "0-1"]
[WhiteElo "1958"]
[BlackElo "2348"]
[PlyCount "52"]
[EventDate "2020.11.14"]
[EventType "team-swiss (rapid)"]
[EventRounds "9"]
[EventCountry "POL"]
[SourceTitle "CBM 199 Extra"]
[Source "ChessBase"]
[SourceDate "2021.01.31"]
[SourceVersion "1"]
[SourceVersionDate "2021.01.31"]
[SourceQuality "1"]
[WhiteTeam "Krakow Jagiellonski Medicum"]
[BlackTeam "Krakow Gorniczo Hutnicza Akad"]
[WhiteTeamCountry "POL"]
[BlackTeamCountry "POL"]

1. d4 b6 2. c4 Bb7 3. Nc3 g6 4. e4 Bg7 5. f3 e6 6. Be3 Ne7 7. Bd3 d5 8. Nge2 0-0 9. 0-0 Nd7 10. Qd2 c5 11. cxd5 exd5 12. Rac1 cxd4 13. Bxd4 Ne5 14. exd5 Nxd5 15. Be4 Nxc3 16. Qxc3 Rc8 17. Qe3 Ba6 18. Rxc8 Qxc8 19. Rc1 Qe6 20. b3 Bxe2 21. Qxe2 Nxf3+ 22. Qxf3 Bxd4+ 23. Kh1 Kg7 24. g3 Qe5 25. Kg2 Re8 26. Rf1 Qxe4 0-1

[Event "Korbach Herbst op"]
[Site "Korbach"]
[Date "2006.10.22"]
[Round "4"]
[White "Schein, Henning"]
[Black "Sarach, Michael"]
[Result "0-1"]
[WhiteElo "1154"]
[BlackElo "1580"]
[PlyCount "82"]
[EventDate "2006.10.20"]
[EventType "swiss"]
[EventRounds "5"]
[EventCountry "GER"]
[SourceTitle "CBM 115 Extra"]
[Source "ChessBase"]
[SourceDate "2007.01.10"]
[SourceVersion "1"]
[SourceVersionDate "2007.01.10"]
[SourceQuality "1"]

1. d4 d5 2. c4 c6 3. cxd5 cxd5 4. Nc3 Nf6 5. Nf3 Nc6 6. Bg5 Bg4 7. g3 e6 8. Bg2 a6 9. 0-0 Be7 10. a3 Bxf3 11. Bxf3 Qb6 12. e3 Rc8 13. Qd3 0-0 14. Rfc1 Na5 15. Bd1 Nc4 16. Qc2 Qxb2 17. Qxb2 Nxb2 18. Rcb1 Rxc3 19. Rxb2 b5 20. Rb3 Rfc8 21. Rxc3 Rxc3 22. a4 b4 23. Rb1 a5 24. Kf1 Kf8 25. Rb3 Rc1 26. Ke2 Ne4 27. Bxe7+ Kxe7 28. f3 Nc3+ 29. Rxc3 Rxc3 30. e4 Kd6 31. e5+ Ke7 32. Kd2 Ra3 33. Kc1 Rd3 34. f4 Rxd4 35. Bc2 Kd7 36. h4 Rc4 37. Kb2 Rc3 38. Bxh7 g6 39. g4 Rc4 40. f5 gxf5 41. gxf5 Rxh4 0-1